| 000 | 00457cam a22001457a 4500 | ||
|---|---|---|---|
| 008 | 180718b2013 xxu||||| |||| 00| 0 eng d | ||
| 020 | _a9788121211772 | ||
| 082 | _aC4x54 K151c | ||
| 245 |
_aCitizenship values under the constitution: operationalisation and teaching _cedited by Subhash C. Kashyap |
||
| 260 |
_aNew Delhi _bGyan _c2013 |
||
| 300 | _a224p. | ||
| 650 | _aCitizenship --India | ||
| 650 | _aCivil rights --India | ||
| 700 | _aKashyap, Subhash C. | ||
| 999 |
_c443074 _d443074 |
||